[Event "St Petersburg"]
[Site "St Petersburg"]
[Date "1997.??.??"]
[Round "4"]
[White "Khalifman, Alexander"]
[Black "Kortschnoj, Viktor"]
[Result "1-0"]
[WhiteElo "2650"]
[BlackElo "2635"]

1.d4 Nf6 2.c4 e6 3.Nf3 b6 4.g3 Bb7 5.Bg2 Be7 6.Nc3 Ne4 7.Bd2 f5 8.d5 Bf6
9.Qc2 Qe7 10.Rd1 exd5 11.cxd5 c5 12.dxc6 dxc6 13.Nxe4 fxe4 14.Nh4 Bxh4 15.gxh4 O-O
16.Qc4+ Qf7 17.Qxf7+ Rxf7 18.Bxe4 c5 19.Bxb7 Rxb7 20.Bc3 Nc6 21.Rg1 Re8 22.Rg5 Re4
23.h5 Rbe7 24.e3 Nd4 25.Kf1 h6 26.Rd5 Nb5 27.Be1 Rf7 28.Rd8+ Kh7 29.R1d7 Rf5
30.Rd5 Rf6 31.Rb8 Rd6 32.Rf5 Rf6 33.Rxf6 gxf6 34.Rd8 c4 35.a4 c3 36.axb5 cxb2
37.Rd1 Rc4 38.Bd2 Rc5 39.Rb1 Rxb5 40.Bc3 Rc5 41.Bxb2 Rb5 42.Ke2 a5 43.Kd3 a4
44.Kc2 Rc5+ 45.Bc3 b5 46.Kd3 Rxh5 47.Bxf6  1-0

[Event "St Petersburg-ch"]
[Site "St Petersburg"]
[Date "1997.??.??"]
[Round "6"]
[White "Loginov, Valery A"]
[Black "Khalifman, Alexander"]
[Result "1/2-1/2"]
[WhiteElo "2555"]
[BlackElo "2650"]

1.Nf3 g6 2.e4 Bg7 3.d4 d6 4.Be2 Nf6 5.Nc3 O-O 6.O-O c6 7.a4 Nbd7 8.a5 Qc7
9.Be3 Rb8 10.h3 b5 11.axb6 axb6 12.d5 Nc5 13.Nd4 Bd7 14.Bf3 cxd5 15.exd5 b5
16.Nc6 Bxc6 17.dxc6 b4 18.Nd5 Nxd5 19.Qxd5 Bxb2 20.Ra2 Bc3 21.Bxc5 dxc5 22.Qxc5 Ra8
23.Rxa8 Rxa8 24.Rd1 Ra1 25.Rxa1 Bxa1 26.Qxb4 Be5 27.g3 Bd6 28.Qd4 Qa5 29.Kg2 Qe5
30.Qc4 Bc7 31.h4 h6 32.Qd5 Qxd5 33.Bxd5 e6 34.Bb3 Kf8 35.c4 Ke7 36.c5 Be5
37.Ba4 Kd8 38.f4 Bd4 39.c7+ Kxc7 40.Be8 Bxc5 41.Bxf7 g5 42.fxg5  1/2-1/2

[Event "St Petersburg"]
[Site "St Petersburg"]
[Date "1997.??.??"]
[Round "8"]
[White "Khalifman, Alexander"]
[Black "Sosonko, Gennadi"]
[Result "1-0"]
[WhiteElo "2650"]
[BlackElo "2515"]

1.e4 c5 2.Nf3 Nc6 3.d4 cxd4 4.Nxd4 Nf6 5.Nc3 d6 6.Bg5 e6 7.Qd2 Be7 8.O-O-O Nxd4
9.Qxd4 O-O 10.f4 Qa5 11.Bc4 Bd7 12.e5 dxe5 13.fxe5 Bc6 14.Bd2 Nd7 15.Nd5 Qd8
16.Nxe7+ Qxe7 17.Rhe1 Rfd8 18.Qg4 Nc5 19.Bg5 Rxd1+ 20.Rxd1 Qf8 21.Qh4 Nd7
22.Re1 Qe8 23.Qg4 Nf8 24.h4 Kh8 25.h5 h6 26.Bf6  1-0

[Event "St Petersburg"]
[Site "St Petersburg"]
[Date "1997.??.??"]
[Round "9"]
[White "Tseitlin, Mark D"]
[Black "Khalifman, Alexander"]
[Result "1/2-1/2"]
[WhiteElo "2505"]
[BlackElo "2650"]

1.e4 c5 2.Nf3 d6 3.d4 cxd4 4.Nxd4 Nf6 5.Nc3 g6 6.Be3 Bg7 7.f3 O-O 8.Qd2 Nc6
9.O-O-O d5 10.Re1 e6 11.h4 Qc7 12.exd5  1/2-1/2

[Event "St Petersburg"]
[Site "St Petersburg"]
[Date "1997.??.??"]
[Round "10"]
[White "Khalifman, Alexander"]
[Black "Svidler, Peter"]
[Result "1/2-1/2"]
[WhiteElo "2650"]
[BlackElo "2640"]

1.d4 d5 2.Nf3 Nf6 3.c4 dxc4 4.Nc3 e6 5.e4 Bb4 6.Bg5 c5 7.Bxc4 cxd4 8.Nxd4 Nbd7
9.O-O Bxc3 10.bxc3 Qa5 11.Bh4 O-O 12.Re1 Ne5 13.Bb3 Qxc3  1/2-1/2

[Event "St Petersburg"]
[Site "St Petersburg"]
[Date "1997.??.??"]
[Round "11"]
[White "Salov, Valery"]
[Black "Khalifman, Alexander"]
[Result "1/2-1/2"]
[WhiteElo "2665"]
[BlackElo "2650"]

1.c4 g6 2.Nc3 Bg7 3.g3 e5 4.Bg2 d6 5.d3 Nc6 6.e4 Nd4 7.Nge2 Bg4 8.h3 Bf3
9.Bxf3 Nxf3+ 10.Kf1 Ne7 11.Kg2 Nd4 12.Bg5 Ne6 13.h4 c6 14.Be3 O-O 15.d4 f5
16.d5 f4 17.dxe6 fxe3 18.f3 b5 19.cxb5 d5 20.bxc6 d4 21.Na4 Qd6 22.Nc1 Qxe6
23.Nd3 Nxc6  1/2-1/2

[Event "Ubeda op"]
[Site "Ubeda"]
[Date "1997.??.??"]
[Round "1"]
[White "Khalifman, Alexander"]
[Black "Collas, Didier"]
[Result "1-0"]
[WhiteElo "2650"]
[BlackElo "2365"]

1.Nf3 Nf6 2.c4 g6 3.Nc3 Bg7 4.e4 O-O 5.d4 c5 6.Be2 d6 7.O-O cxd4 8.Nxd4 Nc6
9.Be3 Bd7 10.Qd2 Nxd4 11.Bxd4 Bc6 12.f3 Nd7 13.Be3 Qa5 14.Rfc1 Rfc8 15.a3 Qd8
16.b4 b6 17.Rab1 a5 18.Nd5 axb4 19.axb4 Ra7 20.Bg5 Nf8 21.Bf1 Ne6 22.Be3 Rb8
23.Kh1 Rab7 24.Nc3 Ra8 25.Qf2 g5 26.Rc2 Rab8 27.Rbc1 Kf8 28.Rd2 Be5 29.Nd5 h6
30.g3 Bg7 31.f4 Kg8 32.Bg2 b5 33.cxb5 Bxb5 34.e5 Rc8 35.Rxc8 Qxc8 36.f5 Qc1+
37.Qg1 Qxg1+ 38.Kxg1 Nd8 39.f6 exf6 40.exf6 Bf8 41.Ne7+ Rxe7 42.fxe7 Bxe7
43.Bf1  1-0

[Event "Ubeda op"]
[Site "Ubeda"]
[Date "1997.??.??"]
[Round "2"]
[White "Rausis, Igors"]
[Black "Khalifman, Alexander"]
[Result "1/2-1/2"]
[WhiteElo "2470"]
[BlackElo "2650"]

1.d4 d6 2.Nf3 Nf6 3.g3 g6 4.Bg2 Bg7 5.O-O O-O 6.c4 Nc6 7.b3 Bf5 8.Bb2 e5
9.Nc3 Nxd4 10.Nxd4 exd4  1/2-1/2

[Event "Ubeda"]
[Site "Ubeda"]
[Date "1997.??.??"]
[Round "2"]
[White "Khalifman, Alexander"]
[Black "Akopian, Vladimir"]
[Result "1-0"]
[WhiteElo "2650"]
[BlackElo "2655"]

1.e4 c5 2.Nf3 d6 3.d4 cxd4 4.Nxd4 Nf6 5.Nc3 a6 6.Be2 e6 7.O-O Be7 8.a4 O-O
9.f4 Nc6 10.Be3 Qc7 11.Kh1 Re8 12.Bf3 Rb8 13.g4 Nxd4 14.Bxd4 e5 15.fxe5 dxe5
16.Ba7 Ra8 17.g5 Rd8 18.Qe2 Ne8 19.Be3 Be6 20.Bg4 Bc4 21.Qf2 Qc6 22.b3 Bxf1
23.Rxf1 f6 24.Nd5 Rxd5 25.exd5 Qxd5+ 26.Bf3 e4 27.c4 Qe6 28.Be2 Rd8 29.c5 Qxb3
30.Qf5 Kh8 31.Qxe4 Qd5 32.Bf3 Qxe4 33.Bxe4 Nc7 34.Bxb7 Kg8 35.gxf6 gxf6 36.c6 Rd3
37.Bb6 Bd8 38.a5 Kf7 39.Bc8 Rd6 40.Bd7 Rd2 41.Rf3 h5 42.Rb3 Rd5 43.Kg2 h4
44.Kf3 f5 45.Ke2 Re5+ 46.Kd3 Ke7 47.Rb4 Nd5 48.Kd4 Nxb6 49.Kxe5 Nxd7+ 50.cxd7 Kxd7
51.Rd4+ Kc8 52.Rxd8+ Kxd8 53.Kxf5  1-0

[Event "Ubeda"]
[Site "Ubeda"]
[Date "1997.??.??"]
[Round "3"]
[White "Almasi, Zoltan"]
[Black "Khalifman, Alexander"]
[Result "0-1"]
[WhiteElo "2595"]
[BlackElo "2650"]

1.e4 e5 2.Nf3 Nc6 3.Bb5 a6 4.Ba4 Nf6 5.O-O Be7 6.Re1 b5 7.Bb3 O-O 8.c3 d5
9.exd5 Nxd5 10.Nxe5 Nxe5 11.Rxe5 c6 12.d3 Bd6 13.Re1 Qh4 14.g3 Qh3 15.Re4 Qd7
16.Nd2 Bb7 17.Qf1 c5 18.Re1 Kh8 19.a4 Nf4 20.Ne4 Nh3+ 21.Kh1 c4 22.dxc4 Nxf2+
23.Qxf2 f5 24.Qd4 fxe4 25.Be3 Qh3 26.Qxd6 Rf2 27.Bxf2 e3+ 28.Qd5 Bxd5+ 29.cxd5 exf2
30.Rf1 Rf8 31.axb5 Qg4 32.Kg2 Qf3+ 33.Kh3 Rf5 34.Ra4 Rh5+ 35.Rh4 Rxh4+ 36.Kxh4 Qe2  0-1

[Event "Ubeda op"]
[Site "Ubeda"]
[Date "1997.??.??"]
[Round "7"]
[White "Khalifman, Alexander"]
[Black "Stojanovic, Mihajlo"]
[Result "1/2-1/2"]
[WhiteElo "2650"]
[BlackElo "2445"]

1.e4 e6 2.d4 d5 3.Nc3 Nf6 4.Bg5 Be7 5.e5 Nfd7 6.Bxe7 Qxe7 7.f4 O-O 8.Nf3 c5
9.Qd2 Nc6 10.dxc5 Nxc5 11.O-O-O a6 12.Bd3 b5 13.Qe3 f6 14.Ne2 b4 15.Kb1 a5
16.exf6 Rxf6 17.Rde1 Qd6 18.Ne5 Ba6 19.Nxc6 Qxc6 20.Nd4 Qd6 21.g3 Rc8 22.Qe5 Qxe5
23.Rxe5 Kf7 24.Re3 Bxd3 25.cxd3 Ke7 26.Rc1 Kd7 27.Re2 Nxd3 28.Rxc8 Kxc8 29.Rxe6 Kd7
30.Re3 Nf2 31.Re5 Kd6 32.Nf5+ Kc5 33.Nxg7 Rh6 34.h4 Ne4 35.Re6 Rxe6 36.Nxe6+ Kd6
37.Ng5 Nxg3 38.Nxh7 Ke6 39.Kc2 Kf5 40.Kd3 Kxf4 41.Nf6 Ke5 42.Ng4+ Kf5 43.Ne3+ Ke5
44.Nc2 Nh5 45.Na1 Nf4+ 46.Kd2 a4 47.Nc2 b3 48.axb3 axb3 49.Na1 Ne6 50.Nxb3 Kf4
51.Kd3 Kg4 52.Nd4 Nc5+ 53.Ke3 Kxh4 54.b4 Na4 55.Kf4 Nc3 56.Nc6 Kh5 57.Ke5 Kg6
58.Kd4 Nb5+ 59.Kxd5 Kf7 60.Kc5 Nc7 61.Kd6 Nb5+  1/2-1/2

[Event "Ubeda"]
[Site "Ubeda"]
[Date "1997.??.??"]
[Round "7"]
[White "Khalifman, Alexander"]
[Black "Illescas Cordoba, Miguel"]
[Result "1/2-1/2"]
[WhiteElo "2650"]
[BlackElo "2635"]

1.d4 Nf6 2.c4 g6 3.Nc3 d5 4.Nf3 Bg7 5.Qb3 dxc4 6.Qxc4 O-O 7.e4 Bg4 8.Be3 Nfd7
9.Rd1 Nc6 10.Be2 Bxf3 11.gxf3 Nb6 12.Qc5 f5 13.d5 Ne5 14.f4 Ned7 15.Qb5 fxe4
16.Nxe4 Nf6 17.Ng5 Qe8 18.Qb3 Qa4 19.Ne6 Qxb3 20.axb3 Nfxd5 21.Nxf8 Rxf8
22.Bc4 e6 23.Bxb6 axb6 24.Bxd5 exd5 25.Rxd5 Rxf4 26.Ke2 Re4+ 27.Kf3 Re7 28.Rhd1 Bxb2
29.Rd8+ Kf7 30.R1d7 Be5 31.h3 b5 32.Ke4 Bd6+ 33.Rxe7+ Kxe7 34.Rb8 b6 35.Rh8 h5
36.f3 Kf6 37.f4 Kg7 38.Ra8 Kf6 39.Re8 Kf7 40.Rd8 Kf6 41.Ra8 b4 42.Rh8 Kg7
43.Rd8 Kf6 44.Ra8 Ke6 45.Ra2 Kf6 46.Rg2 Be7 47.Rg5 Kf7 48.Rd5 Bd6 49.h4 Kf6  1/2-1/2

[Event "Ubeda"]
[Site "Ubeda"]
[Date "1997.??.??"]
[Round "9"]
[White "Khalifman, Alexander"]
[Black "Leko, Peter"]
[Result "1-0"]
[WhiteElo "2650"]
[BlackElo "2600"]

1.d4 Nf6 2.c4 c5 3.d5 b5 4.Nd2 bxc4 5.e4 d6 6.Bxc4 g6 7.b3 Bg7 8.Bb2 O-O
9.Ngf3 Nbd7 10.O-O Nb6 11.Re1 Bg4 12.Bc3 e6 13.dxe6 fxe6 14.h3 Nxc4 15.bxc4 Bxf3
16.Nxf3 Nh5 17.Bxg7 Kxg7 18.Rb1 Rf7 19.Rb3 Nf4 20.h4 h6 21.g3 Nh5 22.Rd3 Qf6
23.e5 dxe5 24.Rxe5 Rb8 25.Qe2 Kh7 26.Rxe6 Qf5 27.Re7 Rb1+ 28.Kh2 Ng7 29.Rxf7 Qxf7
30.Rd5 Qb7 31.Kg2 Qb2 32.Qxb2 Rxb2 33.Rd2 Rb6 34.Ne5 Ra6 35.Kf3 Ne6 36.Ke4 Nd4
37.Kd5 Nf5 38.Rb2 h5 39.Rb7+ Kg8 40.Rb8+ Kg7 41.Rb7+ Kg8 42.a4 Rxa4 43.Nxg6 Ra2
44.Ne7+ Nxe7+ 45.Rxe7 Rxf2 46.Rxa7 Rf3 47.Re7  1-0

[Event "Ubeda"]
[Site "Ubeda"]
[Date "1997.??.??"]
[Round "10"]
[White "Timman, Jan H"]
[Black "Khalifman, Alexander"]
[Result "1/2-1/2"]
[WhiteElo "2630"]
[BlackElo "2650"]

1.e4 c5 2.Nf3 d6 3.d4 cxd4 4.Nxd4 Nf6 5.Nc3 Nc6 6.Bg5 e6 7.Qd2 a6 8.O-O-O h6
9.Be3 Be7 10.f4 Bd7 11.Kb1 b5 12.Bd3 O-O 13.Rhf1 Qc7 14.h3 Nxd4 15.Bxd4 Bc6
16.e5 dxe5 17.fxe5 Nd7 18.Qe3 Rac8 19.Rde1 Bb7 20.Ne4 Nxe5 21.Qg3 Ng6 22.Rxf7 Rxf7
23.Qxg6 Bxe4 24.Qxe4 Kf8 25.Qh7 Bh4 26.Bxg7+ Ke7 27.Rd1 Rd8 28.Qxh6 Qf4 29.Qxf4 Rxf4
30.Be5 Rf2 31.g3 Bf6 32.Bc7 Rxd3 33.cxd3 Rxb2+ 34.Kc1 Rxa2 35.Rd2 Bg5 36.Bf4 Bxf4
37.gxf4 Ra1+ 38.Kb2 Rf1 39.Kc3 Rxf4 40.Ra2 b4+ 41.Kb3 Rd4 42.h4 Kf6 43.Rxa6 Rxh4
44.Rb6 Rd4 45.Rxb4 Rxd3+ 46.Kc2 Rd5 47.Rb1 Kf5 48.Kc3 e5 49.Kc4 Rd4+ 50.Kc3 Rd5
51.Kc4 Rd2 52.Rf1+ Ke4 53.Re1+ Kf4  1/2-1/2

[Event "Ubeda"]
[Site "Ubeda"]
[Date "1997.??.??"]
[Round "11"]
[White "Khalifman, Alexander"]
[Black "Lautier, Joel"]
[Result "1/2-1/2"]
[WhiteElo "2650"]
[BlackElo "2630"]

1.d4 d5 2.Nf3 e6 3.c4 dxc4 4.Qa4+ Nd7 5.Nc3 a6 6.e4 Rb8 7.Qxc4 b5 8.Qd3 Bb7
9.a3 c5 10.Bg5 Be7 11.Bxe7 Nxe7 12.Be2 Qb6 13.O-O cxd4 14.Qxd4 Qxd4 15.Nxd4 Nc5
16.f3 e5 17.Nc2 O-O 18.Rad1 Rfd8 19.Rxd8+ Rxd8 20.Rd1  1/2-1/2

[Event "Mikenas mem op"]
[Site "Vilnius"]
[Date "1997.??.??"]
[Round "?"]
[White "Khalifman, Alexander"]
[Black "Ulibin, Mikhail"]
[Result "1/2-1/2"]
[WhiteElo "2650"]
[BlackElo "2555"]

1.Nf3 Nf6 2.c4 c5 3.Nc3 e6 4.g3 b6 5.Bg2 Bb7 6.O-O Be7 7.Re1 d5 8.cxd5 exd5
9.d4 Nbd7 10.dxc5 Nxc5 11.Bf4 O-O 12.Rc1 Ne6 13.Be5 Bc5 14.Qa4 Ne4 15.e3 Qe7
16.Red1 Rfd8 17.Qb3 Nxc3 18.Bxc3 Rac8 19.Qa4 a5 20.h4 Bb4 21.Bxb4 Qxb4 22.Qxb4 axb4
23.Rxc8 Rxc8 24.Ne1 Ra8 25.Bxd5 Bxd5 26.Rxd5 Rxa2 27.Nd3 g6 28.b3 Ra3 29.Rb5 Rxb3
30.Nxb4 Nc5 31.Rxb6 Nd7 32.Rb7 h5 33.Kg2 Kg7 34.Rxd7 Rxb4 35.Kf3 Kf6 36.e4 Rb2
37.Ke3 Ra2 38.Rb7 Ke6 39.f3 Ra3+ 40.Kf4 Kf6 41.Rb5 Ke6 42.g4 hxg4 43.Kxg4 Re3
44.Rb6+ Ke7 45.Rb7+ Ke6 46.Kf4 Ra3 47.e5 Ra5 48.Rb6+ Ke7 49.Rb8 Rc5 50.Rh8 f6  1/2-1/2

[Event "Mikenas mem op"]
[Site "Vilnius"]
[Date "1997.??.??"]
[Round "?"]
[White "Malisauskas, Vidmantas"]
[Black "Khalifman, Alexander"]
[Result "1/2-1/2"]
[WhiteElo "2530"]
[BlackElo "2650"]

1.e4 Nf6 2.e5 Nd5 3.d4 d6 4.c4 Nb6 5.exd6 cxd6 6.Nc3 g6 7.Be3 Bg7 8.Rc1 O-O
9.b3 e5 10.dxe5 dxe5 11.Qxd8 Rxd8 12.c5  1/2-1/2

[Event "Mikenas mem op"]
[Site "Vilnius"]
[Date "1997.??.??"]
[Round "?"]
[White "Khalifman, Alexander"]
[Black "Zagorskis, Darius"]
[Result "1-0"]
[WhiteElo "2650"]
[BlackElo "2505"]

1.d4 Nf6 2.c4 e6 3.Nf3 d5 4.Nc3 Be7 5.Qc2 O-O 6.cxd5 exd5 7.Bg5 Nbd7 8.e3 c6
9.Bd3 Re8 10.O-O Nf8 11.Rae1 Ne4 12.Bxe7 Qxe7 13.Bxe4 dxe4 14.Nd2 f5 15.d5 Bd7
16.Qb3 cxd5 17.Qxb7 Be6 18.Qxe7 Rxe7 19.Nb3 Rb7 20.Rb1 Rab8 21.Rfd1 d4 22.Nxd4 Rxb2
23.Rxb2 Rxb2 24.a3 Bd7 25.h3 Kf7 26.Rc1 Ke7 27.g4 fxg4 28.hxg4 Bxg4 29.Nxe4 Nd7
30.Rc7 a6 31.Ra7 Rb6 32.f3 Bh3 33.Kh2 Rh6 34.Kg3 Ke8 35.Ra8+ Ke7 36.f4 Rh5
37.Rxa6 Bf1 38.Ra7 Bd3 39.Nf2 Bc4 40.f5 g6 41.Ne4 gxf5 42.Rxd7+  1-0

[Event "New York op"]
[Site "New York"]
[Date "1998.03.16"]
[Round "2"]
[White "Campora, Daniel H"]
[Black "Khalifman, Alexander"]
[Result "1/2-1/2"]
[WhiteElo "2520"]
[BlackElo "2660"]

1.e4 c5 2.f4 g6 3.Nf3 Bg7 4.Nc3 Nc6 5.Bb5 Nd4 6.a4 a6 7.Bd3 e6 8.Nxd4 cxd4
9.Ne2 Ne7 10.b4 d6 11.O-O O-O 12.Kh1 f5 13.c3 dxc3 14.dxc3 Kh8 15.Be3 e5
16.Qe1 Be6 17.Rd1 Qc7 18.a5 Qc6 19.fxe5 dxe5 20.Bc5 fxe4 21.Rxf8+ Bxf8 22.Bc2 Nf5
23.Bxf8 Rxf8 24.Ng3 Bd5 25.Kg1 Nxg3 26.Qxg3 Qf6 27.h3 Bc6 28.Qe3 Qf4  1/2-1/2

[Event "New York op"]
[Site "New York"]
[Date "1998.03.17"]
[Round "4"]
[White "Novikov, Igor A"]
[Black "Khalifman, Alexander"]
[Result "1/2-1/2"]
[WhiteElo "2550"]
[BlackElo "2660"]

1.d4 Nf6 2.c4 g6 3.Nc3 d5 4.Bf4 Bg7 5.e3 c5 6.dxc5 Qa5 7.Qa4+ Qxa4 8.Nxa4 O-O
9.Nf3 Na6 10.Rc1 Bd7 11.Nc3 dxc4 12.Bxc4 Nxc5  1/2-1/2

[Event "New York op"]
[Site "New York"]
[Date "1998.03.18"]
[Round "5"]
[White "Khalifman, Alexander"]
[Black "Kudrin, Sergey"]
[Result "1/2-1/2"]
[WhiteElo "2660"]
[BlackElo "2565"]

1.d4 Nf6 2.Nf3 g6 3.c4 Bg7 4.Nc3 d5 5.cxd5 Nxd5 6.e4 Nxc3 7.bxc3 c5 8.Rb1 O-O
9.Be2 b6 10.O-O Bb7 11.Qd3 Ba6 12.Qe3 e6 13.dxc5 Bxe2 14.Qxe2 Qc7 15.cxb6 axb6
16.Be3 Nd7 17.Bd4 Rfc8 18.Rfd1 Bh6 19.h3 Qc4 20.Rb2 Qxe2 21.Rxe2 Ra5 22.Rb2 e5
23.Be3 Bxe3 24.Rxd7 Bh6 25.Rd3 Rc4 26.Nd2 Bxd2 27.Rdxd2 Ra6 28.f3  1/2-1/2

[Event "St Petersburg-ch"]
[Site "St Petersburg"]
[Date "1998.04.09"]
[Round "3"]
[White "Khalifman, Alexander"]
[Black "Kochyev, Alexander"]
[Result "1/2-1/2"]
[WhiteElo "2660"]
[BlackElo "2430"]

1.d4 Nf6 2.c4 e6 3.Nf3 b6 4.Nc3 Bb7 5.a3 Ne4 6.Nxe4 Bxe4 7.Nd2 Bb7 8.e4 d6
9.Bd3 e5 10.d5 a5 11.O-O Nd7 12.Nb1 Be7 13.Nc3 O-O 14.Rb1 Bg5 15.b4 Bxc1
16.Qxc1 Qe7 17.Qd2 Nf6 18.Rfc1 Rfb8 19.Qe3 axb4 20.axb4 Bc8 21.Ra1 Bd7 22.h3 h6
23.Bf1 Qf8 24.Rcb1 Rxa1 25.Rxa1 Ra8 26.Rxa8 Qxa8 27.c5 bxc5 28.bxc5 dxc5
29.Qxc5 Qd8 30.Kh2  1/2-1/2

[Event "St Petersburg-ch"]
[Site "St Petersburg"]
[Date "1998.04.14"]
[Round "7"]
[White "Shchukin, Dmitry"]
[Black "Khalifman, Alexander"]
[Result "0-1"]
[WhiteElo "2390"]
[BlackElo "2660"]

1.d4 Nf6 2.c4 c5 3.d5 b5 4.e4 Nxe4 5.Qf3 Qa5+ 6.Nd2 Nd6 7.cxb5 Nxb5 8.d6 Nc6
9.Bxb5 Qxb5 10.Ne2 e6 11.O-O Ba6 12.Re1 Qd3 13.Qxd3 Bxd3 14.Nf4 Nb4 15.a3 Nc2
16.Nxd3 Nxa1 17.Nc4 Nb3 18.Be3 Rc8 19.Nf4 f6 20.Rd1 Kf7 21.Ne2 e5 22.f4 Nd4
23.Kf2 Nxe2 24.Kxe2 Ke6 25.fxe5 fxe5 26.Kf3 Rc6 27.Ke4 Bxd6 28.Rd5 Bc7 29.Nxe5 Rd6
30.Rxc5 Bb6 31.Rb5 Bxe3 32.Kxe3 Rd5 33.Nf3 Rxb5 34.Nd4+ Kd5 35.Nxb5 Rb8  0-1

[Event "St Petersburg-ch"]
[Site "St Petersburg"]
[Date "1998.04.15"]
[Round "8"]
[White "Khalifman, Alexander"]
[Black "Ionov, Sergey"]
[Result "0-1"]
[WhiteElo "2660"]
[BlackElo "2530"]

1.Nf3 c5 2.c4 Nc6 3.d4 cxd4 4.Nxd4 e6 5.g3 Qb6 6.Nb5 Ne5 7.Bf4 a6 8.Bxe5 axb5
9.e4 Bc5 10.Qd2 f6 11.Bf4 b4 12.Bg2 Ne7 13.O-O Ng6 14.Be3 Bxe3 15.fxe3 Ne5
16.b3 d6 17.Rd1 Ke7 18.Qd4 Qc5 19.Nd2 Bd7 20.Nf3 Nxf3+ 21.Bxf3 Bc6 22.Rd2 Ra5
23.Rf1 Rha8 24.Rff2 Qxd4 25.exd4 e5 26.d5 Bd7 27.Bg2 g6 28.Bf1 f5 29.Bd3 Rf8
30.Kf1 b6 31.Ke1 Raa8 32.Kd1 Rf6 33.Kc1 Raf8 34.Kb2 f4 35.gxf4 Rxf4 36.Rg2 Ra8
37.Rg3 Kf6 38.Rdg2 Ra7 39.Bc2 Ra8 40.Bd3 Ra5 41.Bc2 Be8 42.a4 h6 43.Kc1 g5
44.Kd2 Ra7 45.Ke3 Rg7 46.Bd3 h5 47.Rf3 h4 48.Rff2 Bh5 49.Be2 Bxe2 50.Kxe2 g4
51.Ke3 h3  0-1

[Event "St Petersburg-ch"]
[Site "St Petersburg"]
[Date "1998.04.19"]
[Round "12"]
[White "Khalifman, Alexander"]
[Black "Taimanov, Mark E"]
[Result "1/2-1/2"]
[WhiteElo "2660"]
[BlackElo "2490"]

1.d4 Nf6 2.c4 e6 3.Nf3 d5 4.Nc3 Nc6 5.Bg5 Be7 6.e3 O-O 7.Bd3 Nb4 8.Be2 dxc4
9.Bxc4 Nfd5 10.Bxe7 Qxe7 11.Ne4 Nb6 12.Bb3 Bd7 13.a3 Na6 14.Rc1 Bb5 15.Ne5 Rfd8
16.Qh5 Be8 17.O-O Nd5 18.Qf3 Rac8 19.Bc4 Nb8 20.Nc5 c6 21.b4 b6 22.Ne4 f6
23.Nd3 Bf7 24.Ng3 Kh8 25.Rfd1 Rd7 26.h4 Rcd8 27.h5 Nc7 28.Qe2 Ne8 29.Qc2 Nd6
30.Bb3 e5 31.Bxf7 Nxf7 32.dxe5 fxe5 33.Nb2 Nd6 34.Nc4 Nxc4 35.Rxd7 Qxd7 36.Qxc4 Qd5
37.Qg4 Qf7 38.Ne4 h6 39.Ng3 Rf8 40.Qe2 Qb3 41.Ra1 Nd7 42.Rd1 Nf6 43.Rd3 Qc4
44.Rd8 Qc1+ 45.Qd1 Qxd1+ 46.Rxd1 Rc8 47.Nf5 Rc7 48.Rc1 Nxh5 49.Nd6 Nf6 50.Nb5 Rd7
51.Rxc6 Rd1+ 52.Kh2 Ra1 53.Nxa7 Rxa3 54.Nc8 Ra2 55.Nxb6 Ng4+ 56.Kg3 Nxf2
57.Nc4 Ne4+ 58.Kf3 Ng5+ 59.Kg3 Ne4+ 60.Kh2 Nc3  1/2-1/2

[Event "Presidents Cup"]
[Site "Elista"]
[Date "1998.05.08"]
[Round "1.2"]
[White "Khalifman, Alexander"]
[Black "Galkin, Alexander"]
[Result "1-0"]
[WhiteElo "2660"]
[BlackElo "2565"]

1.d4 d5 2.c4 c6 3.Nf3 Nf6 4.Nc3 e6 5.Bg5 h6 6.Bh4 dxc4 7.e4 b5 8.e5 g5 9.Nxg5 hxg5
10.Bxg5 Nbd7 11.g3 Bb7 12.Bg2 Qb6 13.exf6 O-O-O 14.O-O c5 15.d5 b4 16.Rb1 Bh6
17.Bxh6 Rxh6 18.b3 bxc3 19.bxc4 Qa6 20.Rxb7 Qxb7 21.dxe6 Qb2 22.e7 Re8 23.Bc6 Qd2
24.Qb3 Qb2 25.Bxd7+  1-0

[Event "Presidents Cup"]
[Site "Elista"]
[Date "1998.05.12"]
[Round "2.5"]
[White "Khalifman, Alexander"]
[Black "Aleksandrov, Aleksej"]
[Result "1-0"]
[WhiteElo "2660"]
[BlackElo "2615"]

1.Nf3 d5 2.d4 Nf6 3.c4 e6 4.Nc3 Bb4 5.Bg5 h6 6.Bxf6 Qxf6 7.e3 c5 8.cxd5 exd5
9.Rc1 c4 10.Nd2 Bxc3 11.bxc3 O-O 12.g3 Bf5 13.Bg2 Rd8 14.O-O Bd3 15.Re1 Qa6
16.e4 Nd7 17.e5 Nf8 18.a4 Qe6 19.Nf1 Re8 20.Ne3 Rad8 21.f4 Ng6 22.Bf1 Be4
23.Bg2 Bd3 24.Qh5 Ne7 25.g4 Qg6 26.Qh4 f5 27.exf6 Qxf6 28.Qxf6 gxf6 29.Nxd5 Nxd5
30.Bxd5+ Kf8 31.Bxb7 Rb8 32.Bc6 Re2 33.Rxe2 Bxe2 34.h3 Ke7 35.Re1 Kd6 36.Bb5 a6
37.Rxe2 axb5 38.axb5 Rxb5 39.Kf2 Rb3 40.Re3 Rb2+ 41.Kf3 Kd5 42.h4 Rh2 43.Kg3 Rh1
44.g5 hxg5 45.fxg5 fxg5 46.hxg5 Rh8 47.Kg4 Rg8 48.Re5+  1-0

[Event "Presidents Cup"]
[Site "Elista"]
[Date "1998.05.20"]
[Round "5.2"]
[White "Khalifman, Alexander"]
[Black "Ivanchuk, Vassily"]
[Result "1-0"]
[WhiteElo "2660"]
[BlackElo "2740"]

1.d4 d5 2.c4 c6 3.Nf3 Nf6 4.Nc3 e6 5.Bg5 dxc4 6.e4 b5 7.e5 h6 8.Bh4 g5 9.Nxg5 hxg5
10.Bxg5 Nbd7 11.g3 Bb7 12.Bg2 Qb6 13.exf6 c5 14.d5 O-O-O 15.O-O b4 16.Na4 Qa6
17.a3 Bxd5 18.Bxd5 Ne5 19.axb4 Rxd5 20.Qe2 cxb4 21.Nc3 Qc6 22.Nxd5 Qxd5 23.f3 Nd3
24.h4 b3 25.Kg2 Kb7 26.Ra4 Bb4 27.Bd2 Bc5 28.Be3 Rg8 29.Bg5 Qd4 30.Rb1 Kc6
31.Qd2 Bb6 32.Kh3 e5 33.Be3 Qxe3 34.Rxc4+ Kd5 35.Qxe3 Bxe3 36.Rc3 e4 37.Ra1 Ke5
38.Ra5+ Kxf6 39.fxe4 Nf2+ 40.Kg2 Ng4 41.Rc6+ Kg7 42.Kf3 Kh7 43.Rc7 Bb6 44.Rh5+ Nh6
45.Rc6 Rg6 46.Rxg6 fxg6 47.Rb5 Kg7 48.g4 Nf7 49.e5 Nd8 50.Rxb3 Ne6 51.Rb4 Kf7
52.Ke4 Ke7 53.Rc4 Bf2 54.h5 gxh5 55.gxh5 Kf7 56.Kd5 Bb6 57.h6 Nc7+ 58.Rxc7+ Bxc7
59.e6+  1-0

[Event "Presidents Cup"]
[Site "Elista"]
[Date "1998.05.21"]
[Round "5.3"]
[White "Ivanchuk, Vassily"]
[Black "Khalifman, Alexander"]
[Result "1-0"]
[WhiteElo "2740"]
[BlackElo "2660"]

1.d4 Nf6 2.c4 c5 3.Nf3 cxd4 4.Nxd4 Nc6 5.Nc3 e6 6.g3 Qb6 7.Nb3 Ne5 8.e4 Bb4
9.Qe2 d6 10.Bd2 O-O 11.O-O-O a5 12.f4 a4 13.fxe5 axb3 14.a3 Bxc3 15.Bxc3 dxe5
16.Bxe5 Qc6 17.Bxf6 gxf6 18.Qg4+ Kh8 19.Qf3 e5 20.Rd5 f5 21.Rxe5 Be6 22.Rb5 f6
23.Rxb3 fxe4 24.Qe3 Bxc4 25.Bxc4 Qxc4+ 26.Kb1 Qd5 27.Rb4 Rae8 28.Rc1 Rf7
29.Rc5 Qd1+ 30.Ka2 Qd6 31.Rxe4 Rxe4 32.Rc8+ Kg7 33.Qxe4 f5 34.Qc4 h5 35.Rh8 Qg6
36.Qd4+ Rf6 37.Rd8 Qf7+ 38.b3 Qe6 39.Rd7+ Kg6 40.Rxb7 h4 41.a4 Qc6 42.Rb8 h3
43.Rg8+ Kf7 44.Rh8 Kg7 45.Rh4 Kg6 46.Qe3 Kf7 47.Qa7+ Kg8 48.Qh7+  1-0

[Event "Keres mem"]
[Site "Tallinn/ Parnu"]
[Date "1998.06.22"]
[Round "4"]
[White "Yermolinsky, Alex"]
[Black "Khalifman, Alexander"]
[Result "1/2-1/2"]
[WhiteElo "2660"]
[BlackElo "2660"]

1.e4 c5 2.Nf3 Nc6 3.d4 cxd4 4.Nxd4 Nf6 5.Nc3 e5 6.Ndb5 d6 7.Bg5 a6 8.Na3 b5
9.Nd5 Be7 10.Bxf6 Bxf6 11.c3 O-O 12.Nc2 Bg5 13.a4 bxa4 14.Rxa4 a5 15.Bc4 Rb8
16.b3 Kh8 17.O-O g6 18.Qd3 f5 19.Raa1 Bh6 20.Rfe1 fxe4 21.Qxe4 Bf5 22.Qe2 e4
23.Nd4  1/2-1/2

[Event "Keres mem"]
[Site "Tallinn/ Parnu"]
[Date "1998.06.25"]
[Round "5"]
[White "Khalifman, Alexander"]
[Black "Short, Nigel D"]
[Result "1/2-1/2"]
[WhiteElo "2660"]
[BlackElo "2660"]

1.e4 e6 2.d4 d5 3.Nc3 dxe4 4.Nxe4 Nd7 5.Nf3 Ngf6 6.Nxf6+ Nxf6 7.c3 Be7 8.Bd3 O-O
9.Bg5 h6 10.h4 Qd5 11.Qd2 b5 12.O-O-O Bb7 13.Ne5 Qxa2 14.Bxf6 Bxf6 15.Nd7 Be7
16.Nxf8 Kxf8 17.f3 Bd5 18.Bb1 Qa1 19.Qc2 Rd8 20.b4 a5 21.Qb2 Qxb2+ 22.Kxb2 axb4
23.cxb4 Bxb4 24.Be4 Bc4 25.Bd3 Rxd4 26.Bxc4 Rxc4 27.Rc1 Rxc1 28.Rxc1 Bd6
29.Kc2 Ke7 30.Rb1 b4 31.Ra1 f5 32.g4 Kf6 33.Kd3 e5 34.Rg1 g6 35.h5 e4+ 36.fxe4 fxg4
37.hxg6 h5 38.Kd4 Kxg6 39.e5 Be7 40.Ke4 Bg5 41.Rg2 c5 42.Kd5 b3 43.Kxc5 Bc1
44.Rg3 Bf4 45.Rxb3 Bxe5 46.Kc4 h4 47.Kd3 h3 48.Ke2 Bd4 49.Kf1 Kf5 50.Rb8 Be3
51.Rf8+ Ke4 52.Re8+ Kf3 53.Rh8 Kg3 54.Rg8 Bd4 55.Rg6 Kh4 56.Rd6 Be5 57.Rg6 Bd4
58.Rd6 Ba7 59.Ra6  1/2-1/2

[Event "RUS-ch51"]
[Site "St Petersburg"]
[Date "1998.07.28"]
[Round "1"]
[White "Khalifman, Alexander"]
[Black "Galkin, Alexander"]
[Result "1/2-1/2"]
[WhiteElo "2645"]
[BlackElo "2540"]

1.d4 d5 2.Nf3 c6 3.c4 e6 4.Nc3 dxc4 5.Bg5 Qc7 6.a4 Bb4 7.e4 b5 8.Be2 Nd7
9.d5 Ngf6 10.dxc6 Qxc6 11.axb5  1/2-1/2

[Event "RUS-ch51"]
[Site "St Petersburg"]
[Date "1998.08.02"]
[Round "6"]
[White "Galliamova, Alisa"]
[Black "Khalifman, Alexander"]
[Result "1/2-1/2"]
[WhiteElo "2560"]
[BlackElo "2645"]

1.d4 Nf6 2.c4 e6 3.Nf3 d5 4.Nc3 Be7 5.Qc2 O-O 6.cxd5 exd5 7.Bg5 Nbd7 8.e3 c6
9.Bd3 Re8 10.O-O Nf8 11.Rae1 Ne4 12.Bxe7 Qxe7 13.Bxe4 dxe4 14.Nd2 f5 15.f3 exf3
16.Nxf3  1/2-1/2

[Event "RUS-Cup final"]
[Site "Samara"]
[Date "1998.08.29"]
[Round "1"]
[White "Khalifman, Alexander"]
[Black "Yakovich, Yuri"]
[Result "1/2-1/2"]
[WhiteElo "2645"]
[BlackElo "2560"]

1.e4 c5 2.Nf3 Nc6 3.d4 cxd4 4.Nxd4 Nf6 5.Nc3 e5 6.Ndb5 d6 7.Bg5 a6 8.Na3 b5
9.Bxf6 gxf6 10.Nd5 Bg7 11.Bd3 Ne7 12.Nxe7 Qxe7 13.O-O O-O 14.c3 f5 15.Nc2 Rb8
16.exf5 e4 17.Re1 Bxf5 18.Bf1 a5 19.Ne3  1/2-1/2